Fundamentals of Yoga (Record no. 355992)
[ view plain ]
| 000 -LEADER | |
|---|---|
| fixed length control field | 004290000a22002050004500 |
| 005 - DATE AND TIME OF LATEST TRANSACTION | |
| control field | 20120302062159.0 |
| 040 ## - CATALOGING SOURCE | |
| Original cataloging agency | ENG |
| 100 ## - MAIN ENTRY--PERSONAL NAME | |
| Personal name | Shubhanarayanan,N. |
| 245 ## - TITLE STATEMENT | |
| Title | Fundamentals of Yoga |
| 260 ## - PUBLICATION, DISTRIBUTION, ETC. (IMPRINT) | |
| Place of publication, distribution, etc | Pondichery:Dipti pub.,1974. |
| 300 ## - PHYSICAL DESCRIPTION | |
| Extent | 114p. |
| 365 ## - TRADE PRICE | |
| Price amount | 7/- |
| 650 ## - SUBJECT ADDED ENTRY--TOPICAL TERM | |
| Topical term or geographic name as entry element | Philosophy |
| 650 ## - SUBJECT ADDED ENTRY--TOPICAL TERM | |
| Topical term or geographic name as entry element | Yoga |
| 650 ## - SUBJECT ADDED ENTRY--TOPICAL TERM | |
| Topical term or geographic name as entry element | Asana |
| 650 ## - SUBJECT ADDED ENTRY--TOPICAL TERM | |
| Topical term or geographic name as entry element | Pranayam |
| 650 ## - SUBJECT ADDED ENTRY--TOPICAL TERM | |
| Topical term or geographic name as entry element | Dhyana |
| 650 ## - SUBJECT ADDED ENTRY--TOPICAL TERM | |
| Topical term or geographic name as entry element | Samadhi |
| 942 ## - ADDED ENTRY ELEMENTS (KOHA) | |
| Koha item type | Book |
No items available.